Land law of Cambodia : (Record no. 22333)

000 -LEADER
fixed length control field 00668cam a2200205 a 4500
040 ## - CATALOGING SOURCE
Transcribing agency DLC
082 ## - DEWEY DECIMAL CLASSIFICATION NUMBER
Classification number 346 REN 2003 C260 Or.
100 1# - MAIN ENTRY--AUTHOR NAME
Personal name Rendall, Matthew.
245 10 - TITLE STATEMENT
Title Land law of Cambodia :
Remainder of title a study and research manual /
260 ## - PUBLICATION, DISTRIBUTION, ETC. (IMPRINT)
Place of publication Phnom Penh, Cambodia :
Name of publisher CLRDC,
Year of publication [2003]
300 ## - PHYSICAL DESCRIPTION
Number of Pages v, 241 p. :
Other physical details ill. ;
Dimensions 25 cm.
500 ## - GENERAL NOTE
General note "Primary author, Matthew Rendall, and contributing authors, Josee Tremblay and Pat Baars"--Acknowledgements.
500 ## - GENERAL NOTE
General note "November 2003."
650 #0 - SUBJECT ADDED ENTRY--TOPICAL TERM
Topical Term Real property
650 #0 - SUBJECT ADDED ENTRY--TOPICAL TERM
Topical Term Land tenure
700 1# - ADDED ENTRY--PERSONAL NAME
Personal name Tremblay, Josee.
700 1# - ADDED ENTRY--PERSONAL NAME
Personal name Baars, Pat.
710 2# - ADDED ENTRY--CORPORATE NAME
Corporate name or jurisdiction name as entry element East-West Management Institute, Inc.
942 ## - ADDED ENTRY ELEMENTS (KOHA)
Koha item type ADB
952 ## - LOCATION AND ITEM INFORMATION (KOHA)
Withdrawn status [LOCAL, KOHA] 0
Holdings
Permanent Location Date acquired Koha item type Lost status Shelving location Barcode Current Location Full call number
Library Block C2023-12-05ADB C260a11478Library Block C346 REN 2003 C260 Or.
មជ្ឈមណ្ឌលឯការនៃសាកលវិទ្យាល័យភូមិន្ទកសិកម្មចំការដូង

Powered by Koha